| 000 | 00540nam a2200217Ia 4500 | ||
|---|---|---|---|
| 008 | 160418s9999 xx 000 0 und d | ||
| 020 | _a971-23-3126-1 | ||
| 050 | _aFIL G 128 | ||
| 050 | _b.D85 2001 | ||
| 100 | _aDuka, Cecilio D. | ||
| 245 | _aWorld geography / | ||
| 245 | _cCecillo D. Duka. | ||
| 260 | _aManila : | ||
| 260 | _bRex Book Store, Inc., | ||
| 260 | _c2001 | ||
| 300 | _a163 pages : | ||
| 300 | _billustrations ; | ||
| 300 | _c22 cm. | ||
| 500 | _aIncludes bibliographical references. | ||
| 650 | _aGeography. | ||
| 999 |
_c293631 _d293631 |
||